Canadian Cities to Provinces - Tile Selects #1 - Statistics

General Stats
  • This quiz has been taken 6 times
  • The average score is 53 of 60
Answer Stats
Question Tile Select % Correct
Cities in Ontario Adelaide No
100%
Cities in Manitoba. Augusta No
100%
Cities in Manitoba. Bath No
100%
Cities in Alberta. Calgary Yes
100%
Cities in Ontario Charlottetown No
100%
Cities in Ontario Dawson City No
100%
Cities in Quebec. Denver No
100%
Cities in Alberta. Edmonton Yes
100%
Cities in Alberta. Fairbanks No
100%
Cities in Ontario Georgetown No
100%
Cities in British Columbia Halifax No
100%
Cities in Ontario Hamilton Yes
100%
Cities in British Columbia Helena No
100%
Cities in Quebec. Iqaluit No
100%
Cities in Alberta. Jamestown No
100%
Cities in British Columbia Juneau No
100%
Cities in Alberta. Levis No
100%
Cities in Quebec. Limerick No
100%
Cities in Ontario London Yes
100%
Cities in Quebec. Lyon No
100%
Cities in Ontario Montreal No
100%
Cities in Quebec. Montreal Yes
100%
Cities in Quebec. Orléans No
100%
Cities in Ontario Ottawa Yes
100%
Cities in British Columbia Portland No
100%
Cities in Manitoba. Puebla No
100%
Cities in Manitoba. Quebec City No
100%
Cities in Quebec. Quebec City Yes
100%
Cities in Alberta. Seattle No
100%
Cities in Ontario Toronto Yes
100%
Cities in Quebec. Toulouse No
100%
Cities in Quebec. Trois-Rivières Yes
100%
Cities in British Columbia Vancouver Yes
100%
Cities in British Columbia Victoria Yes
100%
Cities in Alberta. Whitehorse No
100%
Cities in Manitoba. Windsor No
100%
Cities in Ontario Windsor Yes
100%
Cities in Manitoba. Winnipeg Yes
100%
Cities in Alberta. Yellowknife No
100%
Cities in British Columbia York No
100%
Cities in Ontario Gatineau No
83%
Cities in British Columbia Kelowna Yes
83%
Cities in British Columbia Kitchener No
83%
Cities in Ontario Mississauga Yes
83%
Cities in Alberta. Red Deer Yes
83%
Cities in Manitoba. Winkler Yes
83%
Cities in Alberta. Grande Prairie Yes
67%
Cities in Quebec. Laval Yes
67%
Cities in Alberta. Lethbridge Yes
67%
Cities in Manitoba. Thompson Yes
67%
Cities in British Columbia Abbotsford Yes
50%
Cities in Manitoba. Austin No
50%
Cities in Manitoba. Brandon Yes
50%
Cities in British Columbia Burnaby Yes
50%
Cities in Quebec. Gatineau Yes
50%
Cities in Manitoba. Portage la Prairie Yes
50%
Cities in Quebec. Sherbrooke Yes
50%
Cities in Manitoba. Steinbach Yes
50%
Cities in British Columbia Surrey Yes
50%
Cities in Alberta. St. Albert Yes
33%
No matching quizzes found
Score Distribution
Percent of People with Each Score
Percentile by Number Answered
Your Score History
You have not taken this quiz